000 00468nam a2200181Ia 4500
008 100920s9999 xx 000 0 und d
082 _b52941
_a1 थ 86
100 _aPerelman Y.
245 _aPhysics Can Be Fun.
260 _bMIR PUBLISHERS, MOSCOW.
_c1986
300 _a430
_bसाधी
365 _b20
520 _aइ.डी.यू.
630 _aPhysics Can Be Fun.
650 _aइ.डी.यू.
730 _aPhysics Can Be Fun.
942 _cBOOK
999 _c698150
_d698147